000 01384cam a2200373 i 4500
001 41456
003 Mx-PuUPA
005 20250521130237.0
008 140415s2004 sp gr 000 0 spa d
017 _aB-21.597/2004
020 _a8472455718
040 _aMx-PuUPA
_bspa
_cMx-PuUPA
_dMx-PuUPA
_erda
041 1 _aspa
_heng
240 1 4 _aThe next fifty years.
_lEspañol.
245 0 4 _aLos próximos cincuenta años :
_bel conocimiento humano en la primera mitad del siglo XXI /
_cEdición a cargo de John Brockman ; traducción de Eugenia Vázquez Nacarino y Miguel Martínez-Lage
250 _aPrimera edición /
_bmayo
264 1 _aBarcelona :
_bEditorial Kairós,
_c©2004
300 _a371 páginas ;
_c20 cm
336 _2rdacontent
_atexto
_btxt
337 _2rdamedia
_asin medio
_bn
338 _2rdacarrier
_avolumen
_bnc
490 _aNueva Ciencia
650 7 _2armarc
_aCiencias
_xPredicciones
650 7 _2armarc
_aPredicciones
_ySiglo XXI
650 7 _2armarc
_aDesarrollo científico y tecnológico
650 7 _2armarc
_aFilosofía de la ciencia
700 1 _aBrockman, John,
_eeditor
700 1 _aVázquez Nacarino, Eugenia,
_etraductor
700 1 _aMartínez-Lage, Miguel,
_etraductor
765 0 _aBrockman, John,
_tThe next fifty years.
942 _2ddc
_cLI
_h501.5
_iP6218
999 _c41456
_d41456